| 000 | 00528nam a2200145Ia 4500 | ||
|---|---|---|---|
| 008 | 170224s9999 xx 000 0 und d | ||
| 100 | _aEunsoo Cho | ||
| 245 | _aDevelopment of First-Graders’ Word Reading Skills For Whom Can Dynamic Assessment Tell Us More? | ||
| 245 | _cEunsoo Cho, Donald L. Compton, Jennifer K. Gilbert, Laura M. Steacy, Alyson A. Collins, Esther R. Lindström | ||
| 260 | _bJournal of Learning Disabilities | ||
| 260 | _c2017 | ||
| 300 | _a50:1 | ||
| 650 | _xEducation | ||
| 650 | _xSpecial Education | ||
| 999 |
_c315664 _d315664 |
||